Nacidos en el Burdel /
| Հիմնական հեղինակ: | |
|---|---|
| Այլ հեղինակներ: | |
| Ձևաչափ: | Էլեկտրոնային |
| Լեզու: | իսպաներեն |
| Հրապարակվել է: |
Estados Unidos: Sundance Institute,
[Productor no identificado]
[Fecha de publicación no identificada]
|
| Խորագրեր: |
MARC
| LEADER | 00000nmm a2200000 a 4500 | ||
|---|---|---|---|
| 008 | 180919b -us||||| |||| 00| | spa d | ||
| 999 | |c 2426 |d 2426 | ||
| 090 | |a CD # 157 | ||
| 100 | 1 | |a Kauffman, Ross |9 4260 | |
| 245 | 1 | 0 | |a Nacidos en el Burdel / |c Ross Kauffman, Zana Briski |
| 260 | |a Estados Unidos: Sundance Institute, |c [Fecha de publicación no identificada] |b [Productor no identificado] | ||
| 300 | |a 1 disco compacto | ||
| 650 | 0 | |a POBREZA |9 263 | |
| 700 | 1 | |9 4261 |a Briski, Zana | |
| 942 | |i 003458 |h CD # 157 |2 z |c 08 | ||
